00477nam a2200145Ia 4500020001600000082002100016100002700037245006800064260003900132300000800171504002600179650004400205650004100249650004100290 a81703694583 a307.240954 CHA-M aChaudhuri, Jayasri Ray 0aMigration and remittances: inter-urban and rural-urban linkages aNew DelhibSage Publicationsc1993 a261 aincludes bibliography aRuralvUrban migrationzIndiazDurgapur aMigrant remittanceszIndiazDurgapur aDurgapur(India)vEconomic conditions